Adatok Debreczen városi statutumok : a város legrégibb jegyzőkönyveiből /
Elmentve itt :
| Szerző: | |
|---|---|
| Dokumentumtípus: | Cikk |
| Megjelent: |
1902
|
| Sorozat: | Magyar gazdaságtörténelmi szemle
9 |
| Online Access: | http://misc.bibl.u-szeged.hu/713 |
| LEADER | 00577nab a2200157 i 4500 | ||
|---|---|---|---|
| 001 | misc713 | ||
| 005 | 20191106144049.0 | ||
| 008 | 170607s1902 hu o 0|| hun d | ||
| 040 | |a SZTE Miscellanea Repozitórium |b hun | ||
| 041 | |a hun | ||
| 100 | 1 | |a Zoltai Lajos | |
| 245 | 1 | 0 | |a Adatok |h [elektronikus dokumentum] : |b Debreczen városi statutumok : a város legrégibb jegyzőkönyveiből / |c Zoltai Lajos |
| 260 | |c 1902 | ||
| 300 | |a 264-268 | ||
| 490 | 0 | |a Magyar gazdaságtörténelmi szemle |v 9 | |
| 856 | 4 | 0 | |u http://misc.bibl.u-szeged.hu/713/1/gazd_tort_szeml_1902_264-268.pdf |z Dokumentum-elérés |